LEADER 05961nam 2200769 450 001 9910463407403321 005 20200520144314.0 010 $a90-272-6879-7 035 $a(CKB)2670000000587970 035 $a(EBL)1901820 035 $a(SSID)ssj0001402588 035 $a(PQKBManifestationID)12556603 035 $a(PQKBTitleCode)TC0001402588 035 $a(PQKBWorkID)11359582 035 $a(PQKB)11289696 035 $a(PQKBManifestationID)16048514 035 $a(PQKB)21148120 035 $a(MiAaPQ)EBC1901820 035 $a(DLC) 2014049601 035 $a(Au-PeEL)EBL1901820 035 $a(CaPaEBR)ebr11001121 035 $a(CaONFJC)MIL682812 035 $a(OCoLC)898717526 035 $a(EXLCZ)992670000000587970 100 $a20150115h20142014 uy 0 101 0 $aeng 135 $aur|n|---||||| 181 $ctxt 182 $cc 183 $acr 200 00$aNorms and usage in language history, 1600-1900 $ea sociolinguistic and comparative perspective /$fedited by Gijsbert Rutten, Rik Vosters, Wim Vandenbussche 210 1$aAmsterdam, Netherlands ;$aPhiladelphia, Pennsylvania :$cJohn Benjamins Publishing Company,$d2014. 210 4$d©2014 215 $a1 online resource (342 p.) 225 1 $aAdvances in Historical Sociolinguistics 300 $aDescription based upon print version of record. 311 $a90-272-0082-3 311 $a1-322-51530-1 320 $aIncludes bibliographical references and index. 327 $aNorms and Usage in Language History, 1600-1900; Editorial page; Title page; LCC data; Table of contents; Acknowledgements; The interplay of language norms and usage patterns; 1. Introduction; 2. Overview of the contributions; 3. Phased standardization and diaglossia; 3.1 Target groups and nationalization; 3.2 Standard language ideology; 3.3 Sources; 3.4 Supralocalization; 3.5 Diaglossia and diglossia; References; Language norms and language use in seventeenth-century Dutch: Negation and the genitive; 1. Introduction; 2. Texts and corpora; 3. The normative tradition; 4. Case study 1: Negation 327 $a4.1 Negation in the history of Dutch4.2 Results; 5. Case study 2: Genitival constructions; 5.1 The genitive case and deflection; 5.2 Results; 6. Discussion and conclusions; Websites; References; Language norms and language use in eighteenth-century Dutch: Final n and the genitive; 1. Introduction; 2. Texts and corpora; 3. Language norms; 4. Case study 1: n-deletion; 4.1 Deletion of final n in Dutch; 4.2 Results; 5. Case study 2: Genitival constructions; 5.1 The genitive case and deflection; 5.2 Results; 6. Discussion and conclusions; Websites; References 327 $aNorms and usage in nineteenth-century Southern Dutch1. Introduction; 2. Prescriptivism and explicit language norms; 2.1 North; 2.2 South; 2.2.1 Early eighteenth century; 2.2.2 Later eighteenth century; 2.2.3 United Kingdom of the Netherlands; 3. Three case studies; 4. Prescriptions and typical usage in normative works; 4.1 Long A; 4.2 Verbal endings; 4.3 E + R clusters; 4.4 Overview; 5. Usage in a corpus of early nineteenth-century manuscripts; 6. Discussion: Norms and usage; 7. Conclusion; References; Norms and usage in seventeenth-century English; 1. Introduction 327 $a1.1 Language regulation and speaker agency1.2 Vernacularization; 1.3 Accessing actual usage and targeting norms; 2. Attitudes to varieties and normative regulation; 2.1 Views on varieties; 2.2 Proposals for normative regulation; 3. Emergent norms in the seventeenth century; 3.1 Spelling; 3.2 Lexis; 3.3 Literary language; 4. Sources for the study of seventeenth-century usage; 4.1 Dictionaries and lexicons; 4.2 Contemporary grammars; 4.3 Corpora and databases; 5. Comparing norms and usage; 5.1 Spelling; 5.2 Vocabulary; 5.3 Grammar; 6. Conclusion; Appendix: Corpora and databases; References 327 $aEighteenth-century English normative grammars and their readers1. Introduction; 2. The subscribers to Postlethwaite's grammar; 3. Postlethwaite and Lowth's grammar; 4. From grammars to usage guides; 4. Conclusion; References; Nineteenth-century English; 1. Introduction; 2. Grammar writing in nineteenth-century England; 3. Schooling in nineteenth-century England; 4. Nineteenth-century language usage; 5. Concluding remarks; Corpora and databases; References; From l'usage to le bon usage and back; 1. Introduction; 1.1 Codification and prescription in seventeenth-century France 327 $a1.2 The socio-cultural context 330 $aThe nineteenth century has attracted considerable interest in German historical (socio)linguistics over the last twenty-five years, as it is considered to be the century in which the 'roots' of present-day German can be found. A great deal of the research literature has been devoted to the rise of standard German. Little attention has been paid to the relationship between norms and usage. In order to gain an understanding of their complex relationship, this chapter will first look at socio-historical developments and language ideologies which can be seen as crucial for the external language hi 410 0$aAdvances in historical sociolinguistics. 606 $aLanguage and languages$xUsage$xHistory 606 $aLinguistic change$xSocial aspects$xHistory 606 $aLinguistics$xHistoriography 606 $aSociolinguistics$xHistory 608 $aElectronic books. 615 0$aLanguage and languages$xUsage$xHistory. 615 0$aLinguistic change$xSocial aspects$xHistory. 615 0$aLinguistics$xHistoriography. 615 0$aSociolinguistics$xHistory. 676 $a418.009 702 $aRutten$b Gijsbert Johan$f1977- 702 $aVosters$b Rik 702 $aVandenbussche$b Wim 801 0$bMiAaPQ 801 1$bMiAaPQ 801 2$bMiAaPQ 906 $aBOOK 912 $a9910463407403321 996 $aNorms and usage in language history, 1600-1900$92026764 997 $aUNINA LEADER 01187nam0 22002891i 450 001 UON00204825 005 20231205103308.643 100 $a20030730d1980 |0itac50 ba 101 $afre 102 $aBE 105 $a|||| ||||| 200 1 $aJames Ensor$fEmile Verhaeren$gpréface de Michel Grodent 210 $aBruxelles$cJ. Antoine$d1980. 119 p. ; 21 cm. 316 $aDono ambasciata del Belgio.$5IT-UONSI Francese64 P.P/025 410 1$1001UON00172599$12001 $aPassé présent$v25 620 $aBE$dBruxelles$3UONL000128 676 $aB843$cLetteratura belga. Narrativa$v21 700 1$aVERHAEREN$bÉmile Adolphe Gustave$3UONV121186$0741374 702 1$aGRODENT$bMichel$3UONV122706 712 $aAntoine$3UONV266032$4650 790 1$aVERCHARN, Emil$zVERHAEREN, Émile Adolphe Gustave$3UONV217373 801 $aIT$bSOL$c20240220$gRICA 899 $aSIBA - SISTEMA BIBLIOTECARIO DI ATENEO$2UONSI 912 $aUON00204825 950 $aSIBA - SISTEMA BIBLIOTECARIO DI ATENEO$dSI Francese 64 P.P 025 $eSI LO 67262 5 025 Dono ambasciata del Belgio. 996 $aJames Ensor$91471541 997 $aUNIOR LEADER 06406nam 22005415 450 001 9910255225203321 005 20200704113455.0 010 $a3-319-58431-6 024 7 $a10.1007/978-3-319-58431-7 035 $a(CKB)4100000000587776 035 $a(DE-He213)978-3-319-58431-7 035 $a(MiAaPQ)EBC5024549 035 $a(EXLCZ)994100000000587776 100 $a20170906d2017 u| 0 101 0 $aeng 135 $aurnn|008mamaa 181 $ctxt$2rdacontent 182 $cc$2rdamedia 183 $acr$2rdacarrier 200 10$aReligious Perspectives on Bioethics and Human Rights /$fedited by Joseph Tham, Kai Man Kwan, Alberto Garcia 205 $a1st ed. 2017. 210 1$aCham :$cSpringer International Publishing :$cImprint: Springer,$d2017. 215 $a1 online resource (XXVIII, 291 p.) 225 1 $aAdvancing Global Bioethics,$x2212-652X ;$v6 311 $a3-319-58429-4 320 $aIncludes bibliographical references at the end of each chapters. 327 $aPART I: Theoretical Discussions -- 1. Respect for Cultural Diversity and Pluralism (Henk Ten Have) -- 2 Cultural Diversity in UNESCO Bioethics (John Lunstroth) -- 3 Human Rights and the Relational Self: A Personalist Approach (Denis Chang) -- 4 Convergence of Human Rights and Duties: Towards a Global Bioethics (Alberto Garcia, John Lunstroth, Dominique J. Monlezun, Claudia R. Sotomayor) -- PART II: Asian Religions-Buddhism -- 5 On Human Rights and Freedom in Bioethics:  A Philosophical Inquiry in Light of Buddhism (Ellen Y. Zhang) -- 6 A Response to Ellen Zhang?s ?On Human Rights and Freedom in Biomedical Ethics: A Philosophical Inquiry in Light of Buddhism? (Soraj Hongladarom) -- 7 A Response to Ellen Zhang?s ?On Human Rights and Freedom in Biomedical Ethics: A Philosophical Inquiry in Light of Buddhism? (Colleen M. Gallagher) -- PART III: Asian Religions-Confucianism -- 8 Universal Declaration on Bioethics and Human Rights: A Confucian Critique (Jonathan Chan) -- 9 Developing Confucian Virtue-based Rights: A Response to Jonathan Chan?s Confucian Critique of the Universal Declaration on Bioethics and Human Rights (Ruiping Fan and Wenqing Zhao) -- 10 Response to Jonathan Chan, Universal Declaration on Bioethics and Human Rights: A Confucian critique (Alex Yeung) -- PART IV: Asian Religions-Daoism -- 11 Daoism and the Universal Declaration on Human Rights and Bioethics (Bede Benjamin Bidlack) -- 12 Daoism and Human Rights: Integrating the Incommensurable (David A. Palmer) -- 13 Daoism, Human Rights, and Bioethics (Roland Chia) -- PART V: Asian Religions-Hinduism -- 14 Duties and Rights in Hinduism: Before and After India?s Independence (Prakash N. Desai) -- 15 UNESCO on Cultural Diversity, Bioethics, and Hinduism (John Lunstroth) -- 16 Hinduism and Human Rights (Martha Tarasco) -- PART VI: Monotheistic Religions-Christianity & Catholicism -- 17 The Christian-Catholic religious perspective: Human rights, cultural pluralism and bioethics (Laura Palazzani) -- 18 The Dialectical Relationship between Human Rights and the Christian Faith: A Response to Prof. Laura Palazzani (Kai Man Kwan) -- 19 An Islamic perspective on ?The Christian-Catholic religious perspective: Human rights, cultural pluralism, and bioethics? (Aasim I. Padela) -- PART VII: Monotheistic Religions-Islam -- 20 Bioethics from Islamic Perspective (Dariusch Atighetchi) -- 21 Discussion of Prof. Dariusch Atighetchi?s paper: General Considerations about Islamic and Universal Bioethics (Nouzha Guessous) -- 22 Response to Darius Atighetchi?s paper on the Islamic Position (Gonzalo Miranda) -- PART VIII: Monotheistic Religions-Judaism -- 23 Between Humaneness and Human Rights ? A Jewish Perspective on Modern Bioethics (David Heyd) -- 24 Response to Professor David Heyd?s Paper entitled ?Between Humaneness and Human Rights, A Jewish Perspective on Modern Bioethics? (Jonathan and Adina Halevy) -- 25 Response to the Paper, ?Between Humaneness and Human Rights? (Hans Ucko) -- 26 Lessons Learned (Joseph Tham). 330 $aThis book deals with the thorny issue of human rights in different cultures and religions, especially in the light of bioethical issues. In this book, experts from Christianity, Judaism, Islam, Buddhism, Daoism, Hinduism and Confucianism discuss the tension between their religious traditions and the claim of universality of human rights.  The East-West contrast is particularly evident with regards to human rights.  Some writers find the human rights language too individualistic and it is foreign to major religions where the self does not exist in isolation, but is normally immersed in a web of relations and duties towards family, friends, religion community, and society.  Is the human rights discourse a predominantly Western liberal ideal, which in bioethics is translated to mean autonomy and free choice?  In today?s democratic societies, laws have been drafted to protect individuals and communities against slavery, discrimination, torture or genocide.  Yet, it appears unclear at what moment universal rights supersede respect for cultural diversity and pluralism.  This collection of articles demonstrates a rich spectrum of positions among different religions, as they confront the ever more pressing issues of bioethics and human rights in the modern world. This book is intended for those interested in the contemporary debates on religious ethics, human rights, bioethics, cultural diversity and multiculturalism. 410 0$aAdvancing Global Bioethics,$x2212-652X ;$v6 606 $aEthics 606 $aHuman rights 606 $aEthics$3https://scigraph.springernature.com/ontologies/product-market-codes/E14000 606 $aHuman Rights$3https://scigraph.springernature.com/ontologies/product-market-codes/R19020 615 0$aEthics. 615 0$aHuman rights. 615 14$aEthics. 615 24$aHuman Rights. 676 $a201.723 702 $aTham$b Joseph$4edt$4http://id.loc.gov/vocabulary/relators/edt 702 $aKwan$b Kai Man$4edt$4http://id.loc.gov/vocabulary/relators/edt 702 $aGarcia$b Alberto$4edt$4http://id.loc.gov/vocabulary/relators/edt 801 0$bMiAaPQ 801 1$bMiAaPQ 801 2$bMiAaPQ 906 $aBOOK 912 $a9910255225203321 996 $aReligious Perspectives on Bioethics and Human Rights$91912793 997 $aUNINA